(Record no. 38600)

MARC details
000 -LEADER
fixed length control field 00418nam a2200145Ia 4500
022 ## - INTERNATIONAL STANDARD SERIAL NUMBER
ISSN HD 75.6 P37/
050 ## - CALL MARK
Classification number Partnership: a quarterly journal on sustainable development
260 ## - PUBLICATION, DISTRIBUTION, ETC. (IMPRINT)
Place of publication African cultural institute
260 ## - PUBLICATION, DISTRIBUTION, ETC. (IMPRINT)
Name of publisher 2009
260 ## - PUBLICATION, DISTRIBUTION, ETC. (IMPRINT)
Year of publication 15 p. : ill. ; 33 cm.
300 ## - PHYSICAL DESCRIPTION
Number of Pages Sustainable development--Periodicals.
650 ## - SUBJECT ADDED ENTRY--TOPICAL TERM
Topical Term SR

No items available.